Piłka nożna quiz #178 - Najlepsi strzelcy Copa America 2024 - Statystyki

Ogólne statystyki
  • Ten quiz został rozwiązany 138 razy
  • Średni wynik to 3 z 13
Statystyki odpowiedzi
Zawodnik Reprezentacja Liczba bramek % Poprawnych
Lautaro Martínez Argentyna 5
92%
Vinícius Júnior Brazylia 2
57%
Julián Álvarez Argentyna 2
55%
Darwin Núñez Urugwaj 2
40%
Luis Díaz Kolumbia 2
36%
Salomón Rondón Wenezuela 3
20%
Folarin Balogun Stany Zjednoczone 2
10%
Maximiliano Araújo Urugwaj 2
10%
Daniel Muñoz Kolumbia 2
7%
Jhon Córdoba Kolumbia 2
6%
Eduard Bello Wenezuela 2
3%
José Fajardo Panama 2
3%
Jefferson Lerma Kolumbia 2
1%
Nie znaleziono quizów pasujących do podanych kryteriów
Rozkład punktacji
Procent ludzi z każdym wynikiem
Percentyl według liczby udzielonych odpowiedzi
Twoja historia wyników
Nie rozwiązałeś tego quizu